[Event "ch-GBR KO 2018"]
[Site "London ENG"]
[Date "2018.12.08"]
[Round "1.1"]
[White "Hawkins, Jonathan"]
[Black "Houska, Jovanka"]
[Result "1-0"]
[WhiteTitle "GM"]
[BlackTitle "IM"]
[WhiteElo "2583"]
[BlackElo "2419"]
[WhiteFideId "412686"]
[BlackFideId "405094"]
[EventDate "2018.12.11"]

1. e4 c6 2. Nc3 d5 3. Nf3 dxe4 4. Nxe4 Nf6 5. Qe2 Nxe4 6. Qxe4 Qd5 7. Qf4 Qf5 8.
Qe3 Qe6 9. d4 Qxe3+ 10. Bxe3 Bf5 11. O-O-O e6 12. Nh4 Be4 13. f3 Bg6 14. Nxg6
hxg6 15. c4 Bd6 16. Bd3 Na6 17. d5 cxd5 18. cxd5 e5 19. Bxa6 bxa6 20. Kb1 Rh4
21. h3 Kd7 22. Rc1 Ra4 23. Rhd1 Ra5 24. Rc4 Rb5 25. b3 a5 26. Kc2 a6 27. a4 Rb4
28. Bd2 Rxc4+ 29. bxc4 Bb4 30. Rb1 Rc8 31. Bxb4 axb4 32. Rxb4 Kd6 33. Kc3 e4 34.
fxe4 Ke5 35. Rb7 1-0

[Event "ch-GBR KO 2018"]
[Site "London ENG"]
[Date "2018.12.08"]
[Round "1.1"]
[White "Nunn, John D M"]
[Black "Merry, Alan B"]
[Result "1/2-1/2"]
[WhiteTitle "GM"]
[BlackTitle "IM"]
[WhiteElo "2572"]
[BlackElo "2429"]
[WhiteFideId "400017"]
[BlackFideId "418811"]
[EventDate "2018.12.11"]

1. e4 e6 2. d4 d5 3. Nc3 Bb4 4. e5 c5 5. a3 Bxc3+ 6. bxc3 Qa5 7. Bd2 Qa4 8. Qg4
g6 9. Nf3 Nc6 10. Be2 c4 11. O-O Bd7 12. Qf4 h6 13. Ra2 Nce7 14. h4 Rh7 15. Nh2
O-O-O 16. Ng4 Qa5 17. a4 Rf8 18. Nf6 Nxf6 19. exf6 Nf5 20. Rb1 Bc6 21. h5 g5 22.
Qe5 Qc7 23. a5 Nd6 24. f3 Rd8 25. Be1 Kb8 26. Bg3 Ka8 27. Qe3 Rg8 28. Be5 Qd8
29. Rf1 a6 30. Raa1 Ne8 31. f4 g4 32. f5 Bd7 33. fxe6 Bxe6 34. Rab1 Nd6 35. Rb6
Nc8 36. Rb4 Nd6 37. Rfb1 Nb5 38. Rxb5 axb5 39. Rxb5 Qd7 40. Rb6 Rc8 41. a6 bxa6
42. Rxa6+ Kb7 43. Rd6 Qb5 44. Rxe6 fxe6 45. Bxg4 Qb1+ 46. Kh2 Re8 47. Bf4 Ka6
48. Bxh6 Qxc2 49. Bg7 Qg6 50. Qh3 Qg5 51. h6 Qf4+ 52. Qg3 Rxh6+ 53. Bxh6 Qxh6+
54. Bh3 Qxf6 55. Qd6+ Kb7 56. Qd7+ Kb6 57. Qxe8 Qf4+ 58. Kg1 Qe3+ 59. Kf1 Qf4+
60. Ke2 Qe4+ 61. Kf2 Qf4+ 62. Kg1 Qe3+ 63. Kh1 Qc1+ 64. Kh2 Qf4+ 65. g3 Qd2+ 66.
Bg2 Qh6+ 67. Kg1 Qe3+ 1/2-1/2

[Event "ch-GBR KO 2018"]
[Site "London ENG"]
[Date "2018.12.08"]
[Round "1.1"]
[White "Haria, Ravi"]
[Black "Turner, Matthew J"]
[Result "1/2-1/2"]
[WhiteTitle "IM"]
[BlackTitle "GM"]
[WhiteElo "2441"]
[BlackElo "2533"]
[WhiteFideId "415820"]
[BlackFideId "402893"]
[EventDate "2018.12.11"]

1. e4 e5 2. Nf3 Nc6 3. Bb5 a6 4. Ba4 Nf6 5. O-O Be7 6. d3 b5 7. Bb3 d6 8. a3 Be6
9. Bxe6 fxe6 10. c3 O-O 11. Be3 Qd7 12. Nbd2 Ng4 13. Qe2 Rab8 14. d4 Nxe3 15.
Qxe3 Bf6 16. Rad1 Qf7 17. Nb3 a5 18. dxe5 Bxe5 19. Nxe5 Nxe5 20. Nxa5 Qh5 21. f3
Rf6 22. Rd2 Rbf8 23. Rdf2 Rh6 24. h3 Qh4 25. Nb3 Qg3 26. Kh1 Rff6 27. Qe2 Ng6
28. f4 Nxf4 29. Qxb5 c6 30. Qb8+ Kf7 31. Rxf4 Rxf4 32. Qc7+ Kg6 33. Rxf4 Qxf4
34. Qxc6 Rh5 35. Nd4 Rxh3+ 36. gxh3 Qf1+ 37. Kh2 1/2-1/2

[Event "ch-GBR KO 2018"]
[Site "London ENG"]
[Date "2018.12.08"]
[Round "1.1"]
[White "Williams, Simon K"]
[Black "Hunt, Harriet V"]
[Result "1-0"]
[WhiteTitle "GM"]
[BlackTitle "IM"]
[WhiteElo "2472"]
[BlackElo "2440"]
[WhiteFideId "404454"]
[BlackFideId "403512"]
[EventDate "2018.12.11"]

1. d4 Nf6 2. Nf3 b6 3. c4 e6 4. g3 Ba6 5. Qc2 Bb4+ 6. Bd2 Be7 7. e4 d5 8. cxd5
Bxf1 9. Kxf1 exd5 10. e5 Ne4 11. Nc3 Nxd2+ 12. Qxd2 Qd7 13. Kg2 Nc6 14. Rac1 O-O
15. Nd1 Nd8 16. Ne3 f5 17. exf6 Bxf6 18. Rhd1 Ne6 19. Ng4 Rae8 20. Nfe5 Bxe5 21.
Nxe5 Qa4 22. b4 a5 23. bxa5 bxa5 24. Nc6 Rf6 25. Qc2 Qxc2 26. Rxc2 a4 27. h4 h5
28. Rd3 g5 29. hxg5 Nxg5 30. Ne5 Ne6 31. Re2 Kg7 32. Rc2 Re7 33. Nf3 Ref7 34.
Nh4 Kh6 35. Re2 Rg7 36. Nf5+ Rxf5 37. Rxe6+ Kg5 38. Rf3 Rxf3 39. Kxf3 Rf7+ 40.
Ke3 Kg4 41. Rg6+ Kf5 42. Ra6 Kg4 43. Rxa4 Re7+ 44. Kd3 Kf3 45. Ra5 c6 46. Rc5
Kxf2 47. Rxc6 Ra7 48. Rh6 Ra3+ 49. Kc2 Rxa2+ 50. Kc3 Ra3+ 51. Kb4 Rd3 52. Kc5
Kxg3 53. Rxh5 Kf4 54. Kxd5 Ra3 55. Kc4 Ra4+ 56. Kc3 Ke4 57. Re5+ Kf4 58. Re8 Ra1
59. Kc4 Rc1+ 60. Kd5 Rd1 61. Kc5 Kf5 62. d5 Kf6 63. Kc6 Kf7 64. Re4 Ra1 65. d6
Ra6+ 66. Kc7 1-0

[Event "ch-GBR KO 2018"]
[Site "London ENG"]
[Date "2018.12.08"]
[Round "1.2"]
[White "Houska, Jovanka"]
[Black "Hawkins, Jonathan"]
[Result "1-0"]
[WhiteTitle "IM"]
[BlackTitle "GM"]
[WhiteElo "2419"]
[BlackElo "2583"]
[WhiteFideId "405094"]
[BlackFideId "412686"]
[EventDate "2018.12.11"]

1. d4 Nf6 2. c4 e6 3. Nc3 Bb4 4. e3 O-O 5. Bd3 d5 6. Nf3 c5 7. O-O dxc4 8. Bxc4
Nbd7 9. Qe2 b6 10. Rd1 cxd4 11. exd4 Bb7 12. Bd2 Rc8 13. Bb3 a6 14. Rac1 Qe7 15.
Bg5 Rfd8 16. Ne5 b5 17. Rd3 Nf8 18. Ng4 Bd6 19. Re1 b4 20. Na4 N8d7 21. Rh3 h6
22. Bh4 Re8 23. Nb6 Qf8 24. Nxf6+ Nxf6 25. Nxc8 Rxc8 26. Bxf6 gxf6 27. d5 exd5
28. Qg4+ Kh8 29. Rd1 Be5 30. Bxd5 Bxd5 31. Rxd5 Re8 32. Re3 Rc8 33. Red3 Re8 34.
g3 Bxb2 35. Kg2 Ra8 36. Rd7 a5 37. Rb7 Rb8 38. Rdd7 Rxb7 39. Rxb7 Qd6 40. Qc4
Qe6 41. Qxe6 fxe6 42. Rb5 Bc3 43. Rxa5 1-0

[Event "ch-GBR KO 2018"]
[Site "London ENG"]
[Date "2018.12.08"]
[Round "1.2"]
[White "Merry, Alan B"]
[Black "Nunn, John D M"]
[Result "1/2-1/2"]
[WhiteTitle "IM"]
[BlackTitle "GM"]
[WhiteElo "2429"]
[BlackElo "2572"]
[WhiteFideId "418811"]
[BlackFideId "400017"]
[EventDate "2018.12.11"]

1. c4 Nf6 2. Nc3 g6 3. e4 d6 4. d4 Bg7 5. Nf3 O-O 6. Be2 e5 7. O-O Nc6 8. d5 Ne7
9. Ne1 Nd7 10. Be3 f5 11. f3 f4 12. Bf2 g5 13. Nd3 Nf6 14. c5 h5 15. Rc1 g4 16.
Nb5 g3 17. hxg3 fxg3 18. Bxg3 Ng6 19. cxd6 cxd6 20. Nc7 h4 21. Bf2 Nh5 22. Nxa8
Qg5 23. Kh2 Ngf4 24. Nxf4 Qxf4+ 25. Kg1 h3 26. g4 Bxg4 27. Kh1 h2 28. Nc7 Bh3
29. Ne6 Ng3+ 30. Bxg3 Qxg3 31. Rg1 hxg1=R+ 32. Qxg1 Qxg1+ 33. Kxg1 Bh6 34. Rc7
Rf7 35. Rc8+ Kh7 36. Rd8 Be3+ 37. Kh2 Bxe6 38. dxe6 Rc7 39. Rxd6 Kg6 40. Bd3 Kf6
41. Rd7 Rxd7 42. exd7 Ke7 1/2-1/2

[Event "ch-GBR KO 2018"]
[Site "London ENG"]
[Date "2018.12.08"]
[Round "1.2"]
[White "Turner, Matthew J"]
[Black "Haria, Ravi"]
[Result "1/2-1/2"]
[WhiteTitle "GM"]
[BlackTitle "IM"]
[WhiteElo "2533"]
[BlackElo "2441"]
[WhiteFideId "402893"]
[BlackFideId "415820"]
[EventDate "2018.12.11"]

1. d4 e6 2. Nf3 Nf6 3. Bg5 c5 4. c3 Be7 5. e3 b6 6. Nbd2 cxd4 7. cxd4 Bb7 8. a3
O-O 9. Bd3 d6 10. O-O Nbd7 11. Rc1 Re8 12. Bb5 a6 13. Bc6 Bxc6 14. Rxc6 Rc8 15.
Qc2 b5 16. Rc1 Nb6 17. Rxc8 Qxc8 18. Qxc8 Rxc8 19. Rxc8+ Nxc8 20. Ne1 Nd5 21.
Bxe7 Ndxe7 22. Kf1 Kf8 23. Ke2 Nc6 24. Kd3 Ke7 25. Kc2 Nb6 26. Nd3 h6 27. Ne4 f5
28. Nc3 g5 29. b3 Kf6 30. a4 b4 1/2-1/2

[Event "ch-GBR KO 2018"]
[Site "London ENG"]
[Date "2018.12.08"]
[Round "1.2"]
[White "Hunt, Harriet V"]
[Black "Williams, Simon K"]
[Result "1/2-1/2"]
[WhiteTitle "IM"]
[BlackTitle "GM"]
[WhiteElo "2440"]
[BlackElo "2472"]
[WhiteFideId "403512"]
[BlackFideId "404454"]

1. e4 c5 2. Nf3 Nc6 3. Bb5 d6 4. O-O Bd7 5. Re1 Nf6 6. c3 a6 7. Bf1 Bg4 8. d3 e6
9. Nbd2 Be7 10. a3 d5 11. e5 Nd7 12. Qa4 Bh5 13. h4 Bg6 14. Qg4 O-O 15. h5 Bf5
16. Qg3 h6 17. c4 Nb6 18. Nb3 Kh8 19. Bf4 Na4 20. Ra2 b5 21. Nbd2 Rb8 22. b3
bxc4 23. bxa4 cxd3 24. Rc1 c4 25. Ne1 Nd4 26. Nxd3 cxd3 27. Bxd3 Qa5 28. Bf1
Qxa4 29. Rc7 Bd8 30. Ra7 a5 31. Qe3 Bh7 32. Ra6 Rc8 33. Rd6 Nf5 1/2-1/2

[Event "ch-GBR KO 2018"]
[Site "London ENG"]
[Date "2018.12.08"]
[Round "1.3"]
[White "Hawkins, Jonathan"]
[Black "Houska, Jovanka"]
[Result "1-0"]
[WhiteTitle "GM"]
[BlackTitle "IM"]
[WhiteElo "2583"]
[BlackElo "2419"]
[WhiteFideId "412686"]
[BlackFideId "405094"]
[EventDate "2018.12.11"]

1. e4 c6 2. Ne2 d5 3. e5 d4 4. c3 c5 5. b4 dxc3 6. bxc5 cxd2+ 7. Nxd2 g6 8. Bb2
Bg7 9. Nc4 Qxd1+ 10. Rxd1 Nc6 11. Nd4 Nxd4 12. Bxd4 f6 13. Rb1 Bf5 14. Rxb7
O-O-O 15. exf6 Nxf6 16. Rxe7 Rxd4 17. Rxg7 Re8+ 18. Ne3 Rd7 19. Rxd7 Bxd7 20.
Ba6+ Kc7 21. O-O Re5 22. Bc4 Rxc5 23. f3 Bb5 24. Bxb5 Rxb5 25. Rc1+ Kd7 26. Rc2
Rb1+ 27. Kf2 h5 28. f4 Kd6 29. Kf3 Ra1 30. Nc4+ Kd5 31. Ne5 Rf1+ 32. Ke3 g5 33.
fxg5 Re1+ 34. Kf4 Re4+ 35. Kf5 Nh7 1-0

[Event "ch-GBR KO 2018"]
[Site "London ENG"]
[Date "2018.12.08"]
[Round "1.3"]
[White "Merry, Alan B"]
[Black "Nunn, John D M"]
[Result "1-0"]
[WhiteTitle "IM"]
[BlackTitle "GM"]
[WhiteElo "2429"]
[BlackElo "2572"]
[WhiteFideId "418811"]
[BlackFideId "400017"]
[EventDate "2018.12.11"]

1. c4 Nf6 2. Nc3 g6 3. e4 d6 4. d4 Bg7 5. Nf3 O-O 6. Be2 e5 7. O-O Nc6 8. d5 Ne7
9. Ne1 Nd7 10. Be3 f5 11. f3 f4 12. Bf2 g5 13. Nd3 Nf6 14. c5 Ng6 15. Kh1 h5 16.
Rc1 g4 17. cxd6 cxd6 18. Nb5 Rf7 19. Nxa7 Bd7 20. Qb3 Nxe4 21. fxe4 f3 22. gxf3
gxf3 23. Bd1 Bh3 24. Rg1 Bg2+ 25. Rxg2 fxg2+ 26. Kg1 Qg5 27. Rc8+ Rxc8 28. Nxc8
Bf8 29. Qc2 Nh4 30. Nb6 Nf3+ 31. Bxf3 Rxf3 32. Nc4 h4 33. Qe2 Rf7 34. h3 Be7 35.
Ne3 Kh8 36. Nxg2 Rg7 37. Ne1 Qg6 38. Qf3 Bg5 39. Qf5 Qxf5 40. exf5 Rc7 41. Nxh4
Kg7 42. Nhf3 Kf6 43. Bb6 Rc8 44. Kf2 Kxf5 45. Nxg5 Kxg5 46. Ke3 Kf5 47. h4 e4
48. a4 Rg8 49. Nc2 Ke5 50. Bd4+ Kxd5 51. b3 Rg3+ 52. Kf4 Rf3+ 53. Kg4 Rxb3 54.
h5 Rb1 55. Bf2 Rh1 56. Ne3+ Ke5 57. Bg3+ Ke6 58. Bh4 Rg1+ 59. Kf4 d5 60. h6 Rg8
61. Nc2 Kf7 62. Ne3 Ke6 63. Bg5 d4 64. Nc2 d3 65. Nd4+ Kd5 66. Nf5 d2 67. Ne3+
Kd4 68. Bf6+ Kd3 69. h7 Rf8 70. h8=Q Rxh8 71. Bxh8 b6 72. Be5 d1=Q 73. Nxd1 Kc2
74. Nc3 1-0

[Event "ch-GBR KO 2018"]
[Site "London ENG"]
[Date "2018.12.08"]
[Round "1.3"]
[White "Haria, Ravi"]
[Black "Turner, Matthew J"]
[Result "1-0"]
[WhiteTitle "IM"]
[BlackTitle "GM"]
[WhiteElo "2441"]
[BlackElo "2533"]
[WhiteFideId "415820"]
[BlackFideId "402893"]
[EventDate "2018.12.11"]

1. Nf3 Nf6 2. g3 g6 3. b3 Bg7 4. Bb2 O-O 5. Bg2 d5 6. c4 c6 7. O-O a5 8. d3 Bg4
9. a3 Nbd7 10. Nbd2 Re8 11. h3 Bxf3 12. Nxf3 e5 13. Nd2 Qb6 14. Rb1 Rad8 15. Qc2
e4 16. cxd5 exd3 17. Qxd3 Nxd5 18. Nc4 Qb5 19. Bxg7 Kxg7 20. Nd6 Qxd3 21. exd3
Re2 22. Nxb7 Ra8 23. Rfc1 Ra6 24. Nd8 Ne5 25. d4 Nd3 26. Rxc6 Rxc6 27. Nxc6 Nc3
28. Rf1 Rb2 29. Nxa5 Ne2+ 30. Kh2 Nxd4 31. Rd1 Nxb3 32. Nc4 Rxf2 33. Rxd3 Nc5
34. Rd2 Rf6 35. Rd5 Na4 36. Ra5 Nc3 37. Ra7 Rf2 38. a4 Ra2 39. a5 Kf6 40. a6 Nb5
41. Rb7 Nd4 42. Rb6+ Kg5 43. Nb2 f5 44. Rb4 Nc2 45. Ra4 Rxb2 46. a7 1-0

[Event "ch-GBR KO 2018"]
[Site "London ENG"]
[Date "2018.12.08"]
[Round "1.4"]
[White "Nunn, John D M"]
[Black "Merry, Alan B"]
[Result "1-0"]
[WhiteTitle "GM"]
[BlackTitle "IM"]
[WhiteElo "2572"]
[BlackElo "2429"]
[WhiteFideId "400017"]
[BlackFideId "418811"]
[EventDate "2018.12.11"]

1. e4 e6 2. d4 d5 3. Nc3 Bb4 4. e5 c5 5. a3 Bxc3+ 6. bxc3 Qa5 7. Bd2 Qa4 8. Qg4
g6 9. Nf3 c4 10. Be2 Nc6 11. O-O h6 12. h4 Bd7 13. h5 g5 14. Ne1 f5 15. exf6
Nxf6 16. Qg3 Ne4 17. Qe3 O-O-O 18. Bg4 Rhf8 19. f4 gxf4 20. Rxf4 Rg8 21. Rxe4
dxe4 22. Qxe4 e5 23. Bxd7+ Rxd7 24. d5 Ne7 25. Bxh6 Rxd5 26. Be3 Qc6 27. h6 Kb8
28. Rb1 Qe6 29. Qxc4 Nf5 30. Bc1 Rh8 31. Nd3 Qd6 32. Qg4 Ne7 33. Qg7 Rc8 34. h7
Rxd3 35. cxd3 Nf5 36. Qxb7# 1-0

[Event "ch-GBR KO 2018"]
[Site "London ENG"]
[Date "2018.12.08"]
[Round "1.4"]
[White "Turner, Matthew J"]
[Black "Haria, Ravi"]
[Result "0-1"]
[WhiteTitle "GM"]
[BlackTitle "IM"]
[WhiteElo "2533"]
[BlackElo "2441"]
[WhiteFideId "402893"]
[BlackFideId "415820"]
[EventDate "2018.12.11"]

1. d4 e6 2. Nf3 Nf6 3. g3 b5 4. Bg2 d5 5. Bg5 Be7 6. O-O Nbd7 7. Qd3 a6 8. Nbd2
Bb7 9. Nb3 Ra7 10. a4 b4 11. c4 bxc3 12. Bxf6 Bxf6 13. Qxc3 O-O 14. Nc5 Nxc5 15.
Qxc5 Qb8 16. Rfc1 Ba8 17. Ne1 e5 18. Nd3 exd4 19. Bxd5 Qb6 20. Bxa8 Rfxa8 21. a5
Qe6 22. Nf4 Qb3 23. Nd5 Bd8 24. Qxd4 Qb5 25. Qe4 c5 26. Nc3 Qd7 27. Na4 Bxa5 28.
Nxc5 Qb5 29. Qc4 Qxc4 30. Rxc4 Bb6 31. Nxa6 h5 32. Rca4 Rd7 33. b4 Re8 34. e3 h4
35. gxh4 Re4 36. b5 Re5 37. Rb1 Rd2 38. Rf4 Rxe3 39. fxe3 Bxe3+ 40. Kf1 Bxf4 41.
h3 Rh2 42. b6 Rxh3 43. b7 Rh1+ 0-1

[Event "ch-GBR KO 2018"]
[Site "London ENG"]
[Date "2018.12.08"]
[Round "1.5"]
[White "Nunn, John D M"]
[Black "Merry, Alan B"]
[Result "0-1"]
[WhiteTitle "GM"]
[BlackTitle "IM"]
[WhiteElo "2572"]
[BlackElo "2429"]
[WhiteFideId "400017"]
[BlackFideId "418811"]
[EventDate "2018.12.11"]

1. e4 g6 2. d4 Bg7 3. Nc3 c6 4. Nf3 d6 5. Be3 Nd7 6. Qd2 b5 7. Bd3 Bb7 8. O-O e5
9. a4 b4 10. Ne2 a5 11. c3 bxc3 12. bxc3 Ngf6 13. Rab1 Ba6 14. Bxa6 Rxa6 15. Ng3
O-O 16. dxe5 dxe5 17. Rfd1 Qe7 18. Qd6 Qxd6 19. Rxd6 Re8 20. Rb7 Bf8 21. Rdxd7
Nxd7 22. Rxd7 Rb8 23. h4 Rb1+ 24. Kh2 Ra1 25. Nxe5 Ra8 26. Nxf7 Rxa4 27. Nh6+
Bxh6 28. Bxh6 Rc4 29. Bc1 a4 30. Ba3 Rxc3 31. Bb2 Rc2 32. Bf6 Rxf2 33. e5 a3 34.
Ne4 a2 0-1

[Event "ch-GBR KO 2018"]
[Site "London ENG"]
[Date "2018.12.09"]
[Round "2.1"]
[White "Williams, Simon K"]
[Black "Adams, Michael"]
[Result "1/2-1/2"]
[WhiteTitle "GM"]
[BlackTitle "GM"]
[WhiteElo "2472"]
[BlackElo "2703"]
[WhiteFideId "404454"]
[BlackFideId "400041"]
[EventDate "2018.12.11"]

1. d4 Nf6 2. Nf3 d5 3. c4 e6 4. Nc3 Be7 5. Bg5 h6 6. Bh4 O-O 7. e3 Nbd7 8. g4 c5
9. Rg1 cxd4 10. Nxd4 Ne4 11. Bxe7 Qxe7 12. cxd5 Nxc3 13. bxc3 exd5 14. g5 hxg5
15. Qh5 Nc5 16. Qxg5 Qxg5 17. Rxg5 f5 18. Bg2 Ne4 19. Bxe4 dxe4 20. Rb1 f4 21.
Kd2 fxe3+ 22. Kxe3 Rf7 23. Rbg1 Bd7 24. Kxe4 Re8+ 25. Kd3 Ree7 26. f3 Rf6 27.
Ra5 b5 28. Rg2 Bh3 29. Rf2 a6 30. a4 bxa4 31. Rxa4 Re5 32. Kd2 Rh6 33. f4 Reh5
34. f5 Rf6 35. Ke3 Bxf5 36. Nxf5 Rfxf5 37. Rxf5 Rxf5 38. Rxa6 Rh5 39. Ra2 Kf7
40. Kd4 Ke6 41. Rg2 g5 42. Kc5 Kd7 43. Kd5 Rh4 44. Ke5 Rh3 45. Rc2 Rf3 46. c4
Rf4 47. Rd2+ Kc6 48. Rg2 Rxc4 49. Rxg5 Rh4 50. Rg2 Kd7 51. Kf6 Rh6+ 52. Kg7 Rh4
53. Re2 Rh3 54. Kf7 Rh7+ 55. Kg6 Rh8 56. Kf7 Rh7+ 57. Kf6 Rh8 58. Ra2 Rh3 59.
Re2 Rh8 60. Kf5 Rf8+ 61. Kg4 Rg8+ 62. Kf3 Re8 1/2-1/2

[Event "ch-GBR KO 2018"]
[Site "London ENG"]
[Date "2018.12.09"]
[Round "2.1"]
[White "Howell, David W L"]
[Black "Haria, Ravi"]
[Result "1/2-1/2"]
[WhiteTitle "GM"]
[BlackTitle "IM"]
[WhiteElo "2696"]
[BlackElo "2441"]
[WhiteFideId "410608"]
[BlackFideId "415820"]
[EventDate "2018.12.11"]

1. c4 e6 2. Nf3 d5 3. g3 Nf6 4. Bg2 Be7 5. d4 O-O 6. Nc3 dxc4 7. Ne5 Nc6 8. Bxc6
bxc6 9. Nxc6 Qe8 10. Nxe7+ Qxe7 11. Qa4 c5 12. dxc5 Qxc5 13. Be3 Qh5 14. f3 Bb7
15. Kf2 Rfc8 16. Rad1 e5 17. h3 Qf5 18. Rd6 h5 19. Qa5 Rab8 20. Qxa7 Ba8 21. Rb6
Rxb6 22. Qxb6 Nd5 23. Nxd5 Bxd5 24. Qd6 Be6 25. Bd2 e4 26. Qf4 Qb5 27. Bc3 exf3
28. exf3 Rd8 29. Kg2 Qa4 30. Rc1 Rd5 31. a3 Qc6 32. Re1 Rd3 33. Re3 Qd7 34. g4
Rd5 35. Re2 h4 36. Qxc4 Qd6 37. f4 Rd1 38. Rxe6 fxe6 39. a4 Qb6 40. Kf3 Rh1 41.
Ke2 Rh2+ 42. Kd3 Qd6+ 43. Bd4 Rxh3+ 44. Kc2 Rg3 45. a5 h3 46. Be5 Qd5 47. Qxd5
exd5 48. a6 h2 49. a7 h1=Q 50. a8=Q+ Kh7 51. Qa4 Rg2+ 52. Kb3 Qd1+ 53. Kb4 Rc2
54. Qd7 Rc4+ 55. Ka5 Qa1+ 56. Kb6 Rb4+ 57. Kc5 Qa5+ 58. Kd6 Rb6+ 59. Ke7 Qb4+
60. Kf7 Rb7 61. Bc7 Qxf4+ 62. Bxf4 Rxd7+ 63. Ke6 Rd8 64. Bc7 Rc8 65. Be5 Rc4 66.
Kxd5 Rxg4 67. Bd6 Kg6 1/2-1/2

[Event "ch-GBR KO 2018"]
[Site "London ENG"]
[Date "2018.12.09"]
[Round "2.1"]
[White "Jones, Gawain C B"]
[Black "Merry, Alan B"]
[Result "1-0"]
[WhiteTitle "GM"]
[BlackTitle "IM"]
[WhiteElo "2682"]
[BlackElo "2429"]
[WhiteFideId "409561"]
[BlackFideId "418811"]
[EventDate "2018.12.11"]

1. d4 e6 2. c4 c5 3. d5 exd5 4. cxd5 g6 5. e4 Bg7 6. Nc3 d6 7. Nf3 Nf6 8. Be2 a6
9. a4 Bg4 10. Nd2 Bxe2 11. Qxe2 O-O 12. Nc4 Ne8 13. O-O Nd7 14. Bf4 Qe7 15. Rfe1
Rb8 16. Bg3 Ne5 17. Ne3 f5 18. f4 Nd7 19. exf5 gxf5 20. Kh1 Qf7 21. Bh4 Qg6 22.
Nc4 Rf7 23. Rad1 Nc7 24. Rd3 Re8 25. Qd1 Rxe1+ 26. Qxe1 b5 27. Rg3 bxc4 28. Rxg6
hxg6 29. Bd8 Bxc3 30. bxc3 Nf8 31. Qe2 Nxd5 32. Qxc4 Ne3 33. Qxa6 Rd7 34. Qc8
Nd1 35. a5 Nxc3 36. a6 Nb5 37. Qb8 Na7 38. Bb6 Nb5 39. h3 Kf7 40. Bxc5 1-0

[Event "ch-GBR KO 2018"]
[Site "London ENG"]
[Date "2018.12.09"]
[Round "2.1"]
[White "Hawkins, Jonathan"]
[Black "McShane, Luke J"]
[Result "1/2-1/2"]
[WhiteTitle "GM"]
[BlackTitle "GM"]
[WhiteElo "2583"]
[BlackElo "2664"]
[WhiteFideId "412686"]
[BlackFideId "404853"]
[EventDate "2018.12.11"]

1. e4 e5 2. Nf3 Nc6 3. Nc3 Nf6 4. d4 exd4 5. Nxd4 Bb4 6. Nxc6 bxc6 7. Bd3 d5 8.
exd5 O-O 9. O-O cxd5 10. h3 Be7 11. Bg5 h6 12. Bxf6 Bxf6 13. Nxd5 Bxb2 14. Rb1
Rb8 15. Re1 Be6 16. c4 Bxd5 17. cxd5 Qf6 18. Qe2 Rb6 19. Qe4 g6 20. Re2 Rfb8 21.
Rbe1 Kg7 22. Qe7 Qd6 23. Qxd6 cxd6 24. Re7 a5 25. a4 Bf6 26. R7e4 Rb2 27. R1e2
R8b3 28. Rxb2 Rxb2 29. g3 Rd2 30. Bc4 Be5 31. Re2 Rd4 32. Rc2 g5 33. Kg2 h5 34.
Bb5 Rxd5 35. Rc7 Rd2 36. Be8 Kf8 37. Bxf7 Bd4 38. Bxh5 Rxf2+ 39. Kh1 Rf1+ 40.
Kg2 Rf2+ 41. Kh1 Bc5 42. Rd7 Rf1+ 43. Kg2 Rf2+ 44. Kh1 Rf1+ 45. Kg2 Rf2+ 46. Kh1
Rf1+ 1/2-1/2

[Event "ch-GBR KO 2018"]
[Site "London ENG"]
[Date "2018.12.09"]
[Round "2.2"]
[White "Haria, Ravi"]
[Black "Howell, David W L"]
[Result "1/2-1/2"]
[WhiteTitle "IM"]
[BlackTitle "GM"]
[WhiteElo "2441"]
[BlackElo "2696"]
[WhiteFideId "415820"]
[BlackFideId "410608"]
[EventDate "2018.12.11"]

1. Nf3 d5 2. g3 g6 3. Bg2 Bg7 4. d4 Nf6 5. O-O O-O 6. c4 dxc4 7. Na3 c3 8. bxc3
c5 9. Re1 Nc6 10. Bb2 Qb6 11. Nc4 Qa6 12. Ncd2 Rd8 13. e4 Bg4 14. Qb3 e6 15. Bf1
Qb6 16. h3 Bxf3 17. Nxf3 cxd4 18. cxd4 Ne8 19. Rad1 Qxb3 20. axb3 Rac8 21. Ne5
Bf8 22. Nxc6 Rxc6 23. Bc4 Bg7 24. Rd2 Nd6 25. Bf1 Rb6 26. Re3 Nb5 27. Bxb5 Rxb5
28. Red3 Kf8 29. Kf1 Ke8 30. Ba3 Ra5 31. Bb4 1/2-1/2

[Event "ch-GBR KO 2018"]
[Site "London ENG"]
[Date "2018.12.09"]
[Round "2.2"]
[White "Merry, Alan B"]
[Black "Jones, Gawain C B"]
[Result "1/2-1/2"]
[WhiteTitle "IM"]
[BlackTitle "GM"]
[WhiteElo "2429"]
[BlackElo "2682"]
[WhiteFideId "418811"]
[BlackFideId "409561"]
[EventDate "2018.12.11"]

1. c4 c5 2. Nf3 Nc6 3. d4 cxd4 4. Nxd4 Nf6 5. Nc3 e6 6. a3 d5 7. cxd5 exd5 8.
Bg5 Bc5 9. e3 Bxd4 10. exd4 O-O 11. Be2 h6 12. Bh4 Qd6 13. O-O Qf4 14. Bxf6 Qxf6
15. Nxd5 Qd6 16. Bf3 Rd8 17. Re1 Be6 18. Ne3 Nxd4 19. Bxb7 Rab8 20. Bd5 Qb6 21.
Bxe6 Nxe6 22. Qa4 Nc5 23. Qc2 Nd3 24. Reb1 Rd4 25. b4 Rbd8 26. Rd1 Qg6 27. Rd2
f5 28. Rad1 f4 29. Nc4 Qe6 30. h3 f3 31. Ne3 fxg2 32. Qa2 Qxa2 33. Rxa2 Nf4 34.
Rxd4 Rxd4 35. h4 Rd6 36. Nxg2 Rg6 37. f3 Kf7 38. Kf1 Nxg2 39. Rxg2 Rf6 40. Rf2
Rf4 41. Kg2 Rc4 42. f4 Kf6 43. Rf3 a5 44. bxa5 Ra4 45. Re3 Rxa5 46. Kf3 Ra4 47.
h5 Kf5 48. Kg3 Ra7 49. Rb3 Ra4 50. Rb5+ 1/2-1/2

[Event "ch-GBR KO 2018"]
[Site "London ENG"]
[Date "2018.12.09"]
[Round "2.2"]
[White "McShane, Luke J"]
[Black "Hawkins, Jonathan"]
[Result "1-0"]
[WhiteTitle "GM"]
[BlackTitle "GM"]
[WhiteElo "2664"]
[BlackElo "2583"]
[WhiteFideId "404853"]
[BlackFideId "412686"]
[EventDate "2018.12.11"]

1. e4 e5 2. Nf3 Nf6 3. Nxe5 d6 4. Nf3 Nxe4 5. Nc3 Nxc3 6. dxc3 Be7 7. Be3 Nc6 8.
Qd2 Be6 9. O-O-O Qd7 10. Kb1 Bf6 11. Be2 a6 12. Rhe1 O-O-O 13. Nd4 Nxd4 14. Bxd4
Bxd4 15. Qxd4 Qc6 16. Bf3 Qc4 17. Qxc4 Bxc4 18. Bg4+ Kb8 19. b3 Bb5 20. Re7 Rhf8
21. Rde1 Rde8 22. Kc1 Bc6 23. g3 g6 24. Kd2 f5 25. Bd1 Rh8 26. Rg7 Re5 27. Rxe5
dxe5 28. Re7 e4 29. Be2 Kc8 30. Ke3 g5 31. Bc4 Bd7 32. Rg7 h6 33. Kd4 Kd8 34.
Rg8+ Rxg8 35. Bxg8 1-0

[Event "ch-GBR KO 2018"]
[Site "London ENG"]
[Date "2018.12.09"]
[Round "2.3"]
[White "Howell, David W L"]
[Black "Haria, Ravi"]
[Result "1-0"]
[WhiteTitle "GM"]
[BlackTitle "IM"]
[WhiteElo "2696"]
[BlackElo "2441"]
[WhiteFideId "410608"]
[BlackFideId "415820"]
[EventDate "2018.12.11"]

1. Nf3 Nf6 2. c4 e6 3. g3 d5 4. d4 Be7 5. Bg2 O-O 6. Nbd2 c5 7. cxd5 Nxd5 8.
dxc5 Bxc5 9. O-O Nc6 10. a3 Be7 11. Nc4 Bf6 12. Qc2 Nb6 13. Rd1 Qe7 14. Nxb6
axb6 15. Be3 Qc7 16. Rac1 Bd7 17. Ng5 Bxg5 18. Bxg5 h6 19. Be3 Rfd8 20. Qb3 Ra6
21. Be4 b5 22. Qxb5 Rc8 23. Qb3 Be8 24. h3 Raa8 25. Kh2 Qe7 26. Qb6 h5 27. Qc5
Qxc5 28. Rxc5 f6 29. f4 Kf8 30. Kg2 Ke7 31. Kf2 Rd8 32. Rdc1 Rac8 33. Bf3 Rd6
34. Rb5 Rd7 35. Bc5+ Kd8 36. a4 Kc7 37. a5 Rd2 38. Bb6+ Kb8 39. Be3 Rd7 40. Rxc6 1-0